Siapakah thaghut?

Bibliographic Details
Main Author: Hamdan Muhammad (Author)
Format: Book
Published: Kuala Terengganu : Institut Berakan , 1983
Subjects:

MARC

LEADER 00000cam a2200000 7i4500
001 0000007099
005 20021119093000.0
008 021119s1983
090 0 0 |a HX550.I8   |b H3522 
100 0 |a Hamdan Muhammad ,   |e author 
245 0 0 |a Siapakah thaghut?   |c Hamdan Muhammad 
260 2 |a Kuala Terengganu :   |b Institut Berakan ,   |c 1983 
300 |a 267 ms. ; ;   |c 18 sm. 
504 |a Mengandungi bibliografi (ms. 260-267) 
650 0 |a Communism and Islam 
650 0 |a Islam   |x Relations   |x Judaism 
999 |a 1000027616   |b Book   |c OPEN SHELF (30 DAYS)   |e Gong Badak Campus